LEADER 01815nam0 22003373i 450 001 SUN0100568 005 20150121100801.658 010 $a978-88-217-4395-5$d0.00 100 $a20150120d2013 |0itac50 ba 101 $aita 102 $aIT 105 $a|||| ||||| 200 1 $aManuale di contabilità fiscale$ela gestione d'impresa nei suoi aspetti civilistici, fiscali e contabili$etesto aggiornato con le disposizioni contenute nella legge di stabilità 2013 e con gli ultimi provvedimenti relativi alla Tobin Tax e alla detassazione dei proventi da investimenti in fondi di venture capital$fBruno Dei, Pier Roberto Sorignani 205 $a9. ed 210 $aMilanofiori, Assago$cIpsoa$d2013 215 $aXXXI, 1978 p.$d25 cm. 410 1$1001SUN0081607$12001 $aContabilità e bilancio$1210 $aMilanofiori$cIpsoa. 606 $aAziende$xContabilità$xDiritto$2EC$3SUNC030444 606 $aAziende$xTributi$2EC$3SUNC030445 620 $dMilanofiori, Assago$3SUNL000012 700 1$aDei$b, Bruno$3SUNV046251$0253415 701 1$aSorignani$b, Pier Roberto$3SUNV068954$0541933 712 $aIPSOA$3SUNV000032$4650 801 $aIT$bSOL$c20181109$gRICA 912 $aSUN0100568 950 $aUFFICIO DI BIBLIOTECA DEL DIPARTIMENTO DI ECONOMIA$d03 PREST IIBa134 $e03 BDE73 950 $aUFFICIO DI BIBLIOTECA DEL DIPARTIMENTO DI ECONOMIA$d03 CONS IIBa134bis $e03 BDE74 995 $aUFFICIO DI BIBLIOTECA DEL DIPARTIMENTO DI ECONOMIA$bIT-CE0106$gBDE$h73$kPREST IIBa134$op$qa 995 $aUFFICIO DI BIBLIOTECA DEL DIPARTIMENTO DI ECONOMIA$bIT-CE0106$gBDE$h74$kCONS IIBa134bis$op$qa 996 $aManuale di contabilità fiscale$9886191 997 $aUNICAMPANIA LEADER 05418oam 2200505 450 001 9910794385703321 005 20230120090701.0 010 $a90-04-43831-9 010 $a90-04-43830-0 010 $a9789004438309$b(hardback) 010 $a9789004438316$b(ebook) 035 $a(MiAaPQ)EBC6409573 035 $a(EXLCZ)994100000011352920 100 $a20210514d2021 uy 0 101 0 $aeng 135 $aur||||||||||| 181 $ctxt$2rdacontent 182 $cn$2rdamedia 183 $anc$2rdacarrier 200 00$aWine law and policy $efrom national terroirs to a global market /$fedited by Julien Chaisse, Fernando Dias Simões, Danny Friedmann 210 1$aLeiden ;$aBoston :$cBrill Nijhoff,$d2021. 215 $axxx, 807 pages 300 $aIncludes index. 327 $aAn introduction to wine regulation in a globalized market prospects and limits of wine governance / Julien Chaisse, Fernando Dias Simo?es, and Danny Friedmann -- The rise and fall of the world's largest wine exporter and its institutional legacy / Giulia Meloni and Joe Swinnen -- Tradition, territory, and terroir in French wine role, function, and purpose of the institut national de l'origine et de la qualite? in the French wine law model / Fabrice Giordano -- Exploring Italy's wine law reforms experiences, challenges, and prospects / Antonio Rossi and Duilio Cortassa -- "Innovative tradition" Austrian wine regulation between past and future / Iris Eisenberger and Rostam Neuwirth -- Between wines and spirits classification challenges of Polish 'fruit wine' - based products in EU perspective / Joanna Banasiuk, Aleksander Ste?pkowski, and Leszek Wiwa?a -- Wine law in Australia challenges of local identity in a global marketplace / Lisa Toohey -- Libiam ne' lieti calici EU and Chinese policies in support of wine production / Flavia Marisi -- Wine and liquor laws in Canada : trends and regulatory challenges / Daniel Hohnstein -- The protection of Foreign investment in the wine sector / Laurence Ponty, Baptiste Rigaudeau, and Jean-Robin Costargent -- Grafting the old and new world towards a universal trademark register that cancels generic igoterms / Danny Friedmann -- The protection of traditional terms for wines in the Europa Union and beyond / Anke Moerland and Ramyaa Bhadauria -- The Barolo Appellation of origin in the global market / Anisha Mistry and Luca Valente -- "Pure Michigan" and "Napa Valley 100%" is protection of American origin wines as geographic indications on fertile ground? / Rebeccah Gan -- Australia corked its champagne and so should we enforcing stricter protection for semi-generic wines in the United States / Lindsey A. Zahn -- Integrating the protection of foreign geographical indications in federal states transsystemic study of gi protection in Canada, the USA, and Germany / Nicolas Charest -- The Protection of vines, grapes and wine under plant variety rights law, with a particular focus on the EU / Philippe De Jong -- Trade dress regulation and protection rules applying to wine in Turkey / Burak Keskin -- Patent search and analysis in the wine industry a guided tour from vineyards to your table / Luca Falciola -- On the jurisprudence of wine's journeys from national terroirs to a global market places of normativity, mythology and justice in London and Aotearoa/ New Zealand / Wayne Morrison -- Protecting wine packaging as a trademark why the substantial value exclusion makes the task unreasonably burdensome / Jacopo Ciani -- Pros?ek or Prosecco intellectual property or intangible cultural heritage? / Steven Gallagher -- Use of all wines a legal analysis for conservative Judaism / Elliot Dorff -- Risk management in the wine supply chain / Diego Saluzzo -- The grass is greener on the other side biodynamic wines and trademarks, the quest for answers / Ana Penteado -- In Vino Veritas Blockchain as a viable solution for combating counterfeit wines in China / Jerry I-Hsuan Hsiao. 330 $a"This 26-chapter volume brings together leading academics and practitioners to examine how wine law and policy have gradually moved from national terroirs to a global market. It is the first holistic study of the comprehensive field of wine law which posits that the wine laws and regulations have caused an enormous imbalance between different jurisdictions, which has either resulted in the overregulation, which stifles innovation, and under-regulation, which leaves many a wine consumer clueless about what they are drinking. This book brings together legal scholarship about trade law, intellectual property rights, and health law and policy which are all relevant for the future of the wine industry"--$cProvided by publisher. 606 $awine$9eng$2eurovoc 606 $aviticulture$9eng$2eurovoc 606 $aintellectual property$9eng$2eurovoc 606 $adesignation of origin$9eng$2eurovoc 606 $aregulation$9eng$2eurovoc 606 $ainternational market$9eng$2eurovoc 615 7$awine. 615 7$aviticulture. 615 7$aintellectual property. 615 7$adesignation of origin. 615 7$aregulation. 615 7$ainternational market. 676 $a343.08/556632 702 $aChaisse$b Julien 702 $aSimo?es$b Fernando Dias 702 $aFriedmann$b Danny 906 $aBOOK 912 $a9910794385703321 996 $aWine law and policy$93679029 997 $aUNINA